| 000 | 01428nam0a2200325 4500 | ||
|---|---|---|---|
| 001 | RU\NLR\BIBL_A\012069938 | ||
| 005 | 20260406060625.0 | ||
| 010 |
_a978-5-88503-852-2 _91000 |
||
| 021 |
_aRU _b2019-50131 _9КН-П-3632 |
||
| 035 | _a(RuMoRGB)010031181 | ||
| 035 | _a(NLR Aleph) 012069938 | ||
| 090 |
_a11750294 _c11750294 |
||
| 100 | _a20190805d2019 |||y0rusy50 ca | ||
| 101 | 1 |
_arus _cund |
|
| 102 | _aRU | ||
| 105 | _ay zzzz||000zy | ||
| 200 | 1 |
_aЖемчужины ал-Бухари. Хадисы Пророка с комментариями ал-Касталани _e[сборник] _fИмам ал-Бухари _g[перевод: Таджуддин-хаджи Казибеков] |
|
| 210 |
_aМосква _aСанкт-Петербург _cДиля _d2019 |
||
| 215 |
_a314 с. _d24 |
||
| 333 | _a16+ | ||
| 517 | 1 | _aХадисы Пророка с комментариями ал-Касталани | |
| 606 |
_aХадисы _xТолкование _92398256 _3RU\NLR\AUTH\661429761 |
||
| 686 | 2 | _aЭ38-220.9,12 | |
| 700 | 1 |
_8rus _7ca _aБухари _bА.-А.-М. аль _f810-870 _gАбу-Абдаллах-Мухаммед аль _3RU\NLR\AUTH\7710815 _9120579 |
|
| 702 | 1 |
_4730 _8rus _7ca _aКазибеков _bТ.-хаджи _gТаджуддин-хаджи _3RU\NLR\AUTH\77114864 _997789 |
|
| 942 | _cBOOK | ||
| 980 | _aNB | ||